00720cam a22002171 450000100060000000300080000600500170001400800410003103500190007204000320009104100080012308200250013110000500015624501260020625000110033226000400034330000290038365000400041270000240045270000260047621789BD-RjUL20211209000729.0140305s1954 nyua 000 0 eng d a(BD-RjUL)21854 aDLCcDLCdDLCdBD-RjULbeng aeng00a371.26bGRM 19542231 aGreene, Harry A.q(Harry Andrew),d1889-1974.00aMeasurement and evaluation in the secondary school /cby Harry A. Greene, Albert N. Jorgensen [and] J. Raymond Gerberich. a2d ed. aNew York :bLongmans, Green,c1954. a690 p. :bill. ;c22 cm. 0aEducational tests and measurements.1 aJorgensen, Albert N1 aGerberich, J. Raymond